Financial and Fiscal Programming Under Debt Rescheduling.

This paper reviews implications for financial and fiscal programming of different treatments of external debt rescheduling. Adjustment formulas are derived to ensure invariance of the macroeconomic outcome. An important consideration is the impact on the income position of the central bank. The resu...

Fuld beskrivelse

Bibliografiske detaljer
Institution som forfatter: International Monetary Fund
Format: Tidsskrift
Sprog:English
Udgivet: Washington, D.C. : International Monetary Fund, 1989.
Serier:IMF Working Papers; Working Paper ; No. 1989/061
Online adgang:Full text available on IMF
LEADER 01723cas a2200241 a 4500
001 AALejournalIMF010063
008 230101c9999 xx r poo 0 0eng d
020 |c 5.00 USD 
020 |z 9781451964905 
022 |a 1018-5941 
040 |a BD-DhAAL  |c BD-DhAAL 
110 2 |a International Monetary Fund. 
245 1 0 |a Financial and Fiscal Programming Under Debt Rescheduling. 
264 1 |a Washington, D.C. :  |b International Monetary Fund,  |c 1989. 
300 |a 1 online resource (24 pages) 
490 1 |a IMF Working Papers 
500 |a <strong>Off-Campus Access:</strong> No User ID or Password Required 
500 |a <strong>On-Campus Access:</strong> No User ID or Password Required 
506 |a Electronic access restricted to authorized BRAC University faculty, staff and students 
520 3 |a This paper reviews implications for financial and fiscal programming of different treatments of external debt rescheduling. Adjustment formulas are derived to ensure invariance of the macroeconomic outcome. An important consideration is the impact on the income position of the central bank. The results caution against the simple adjustment formulas sometimes applied. Even when defined on a 'falling due basis,' the size of the public sector deficit can be affected by the rescheduling treatment adopted. Under a properly defined aggregation between public sector deficit and income position of the central bank, the rescheduling treatment affects only the composition of the broader deficit. 
538 |a Mode of access: Internet 
830 0 |a IMF Working Papers; Working Paper ;  |v No. 1989/061 
856 4 0 |z Full text available on IMF  |u http://elibrary.imf.org/view/journals/001/1989/061/001.1989.issue-061-en.xml  |z IMF e-Library